Personajes ilustres de Jalisco /

Obra que presenta una semblanza de la vida de 24 jaliscienses ilustres, en su mayoría sacerdotes y algunos laicos, que vivieron la fidelidad a sus ideales hasta el grado de ofrendar su vida o ponerla en peligro por el servicio a los demás, en el contexto de la Guerra Cristera. Entre los personajes q...

Ausführliche Beschreibung

Gespeichert in:
Bibliographische Detailangaben
1. Verfasser: Belgodere Brito, Francisco José (autor)
Format: Buch
Sprache:Spanisch
Veröffentlicht: Guadalajara, México : Gobierno del Estado de Jalisco, 2000, c2000
Schlagworte:
Tags: Tag hinzufügen
Keine Tags, Fügen Sie das erste Tag hinzu!

MARC

LEADER 00000nam^a2200000^a^4500
001 000391275
005 20250521000000.0
009 20260310121210.436
020 |a 968-832-511-2 
025 |a Donación Luis Octavio Lozano, 1 ejemplar 
037 |a Acervo Xavier Clavigero 
041 |a ESP 
082 |a 972. 3520622  |b BEL 
100 |a Belgodere Brito, Francisco José  |e (autor) 
245 1 0 |a Personajes ilustres de Jalisco /  |c F.J. Belgodere Brito. 
264 4 |a Guadalajara, México :  |b Gobierno del Estado de Jalisco,  |c 2000, c2000 
300 |a 189 p. 
336 |a texto  |b txt  |2 rdacontenido 
337 |a sin mediación  |b n  |2 rdamedio 
338 |a volumen  |b nc  |2 rdasoporte 
520 |a Obra que presenta una semblanza de la vida de 24 jaliscienses ilustres, en su mayoría sacerdotes y algunos laicos, que vivieron la fidelidad a sus ideales hasta el grado de ofrendar su vida o ponerla en peligro por el servicio a los demás, en el contexto de la Guerra Cristera. Entre los personajes que se mencionan se encuentran Toribio Romo, Atilano Cruz, Miguel de la Mora, Cristóbal Magallanes, María Natividad Venegas, Ancleto González, entre otros. 
649 |a XX 
650 |a Personajes Históricos Jaliscienses -  |x Biografías -  |x Tema Principal 
650 |a Personajes Históricos Mexicanos -  |x Biografías 
650 |a Mártires Jaliscienses -  |x Biografías 
650 |a Mártires Mexicanos -  |x Biografías 
650 |a Ministros Religiosos Jaliscienses -  |x Biografías 
650 |a Ministros Religiosos Mexicanos -  |x Biografías 
650 |a Católicos Jaliscienses -  |x Biografías 
650 |a Católicos Mexicanos -  |x Biografías 
650 |a Iglesia y Estado -  |z Jalisco -  |x Historia 
650 |a Iglesia y Estado -  |z México -  |x Historia 
650 |a Guerra Cristera -  |x Historia -  |x Tema Principal 
650 |a Movimientos Religiosos -  |z Jalisco -  |x Historia 
650 |a Movimientos Religiosos -  |z México -  |x Historia 
650 |a Movimientos Sociales -  |z Jalisco -  |x Historia 
650 |a Movimientos Sociales -  |z México -  |x Historia 
650 |a Política y Religión -  |z Jalisco -  |x Historia 
650 |a Política y Religión -  |z México -  |x Historia 
650 |a Jalisco -  |x Historia -  |y Régimen Callista, 1924-1928 
650 |a México -  |x Historia -  |y Régimen Callista, 1924-1928 
650 |a Jalisco -  |x Historia -  |y Siglo XX 
650 |a México -  |x Historia -  |y Siglo XX 
910 |a Fondo General 
920 |a Impresos - Libros 
930 |a Colección General 
905 |a 101 
901 |a 0500286160  |b IT1  |c ACC  |i FXC D2839  |u 20250521 
902 |a https://opac.biblio.iteso.mx/vufind/Record/000391275